书目信息 |
| 题名: |
韩语入门
|
|
| 作者: | ||
| 分册: | ||
| 出版信息: | 北京 中国对外翻译出版公司 2016.05 |
|
| 页数: | 222页 | |
| 开本: | 20cm | |
| 丛书名: | ||
| 单 册: | ||
| 中图分类: | H55 | |
| 科图分类: | ||
| 主题词: | 朝鲜语 | |
| 电子资源: | ||
| ISBN: | 7-5001-4489-X | |
| 000 | 00617nam0 2200205 450 | |
| 001 | 1933477845 | |
| 005 | 20190404092030.21 | |
| 010 | @a7-5001-4489-X@dCNY38.60 | |
| 100 | @a20190404d2016 km y0chiy0120 ea | |
| 101 | 0 | @achi |
| 102 | @aCN@b110000 | |
| 200 | 1 | @a韩语入门@Ahan yu ru men@e零起点图解一看就会 |
| 210 | @a北京@c中国对外翻译出版公司@d2016.05 | |
| 215 | @a222页@d20cm | |
| 300 | @a大家的标准韩国语自学入门书:白金版 | |
| 517 | 1 | @a零起点图解一看就会@Aling qi dian tu jie yi kan jiu hui |
| 606 | 0 | @a朝鲜语 |
| 690 | @aH55@v4 | |
| 801 | 0 | @aCN@b大连网信软件有限公司图书馆·11@c20190404 |
| 905 | @aZUCC@dH55@e43 | |
| 韩语入门:零起点图解一看就会.-北京:中国对外翻译出版公司,2016.05 |
| 222页;20cm |
| 大家的标准韩国语自学入门书:白金版 |
| ISBN 7-5001-4489-X:CNY38.60 |
| ● |
| 相关链接 |
|
|
|
|
正题名:韩语入门
索取号:H55/43
 
预约/预借
| 序号 | 登录号 | 条形码 | 馆藏地/架位号 | 状态 | 备注 |
| 1 | 1055003 | 210550036 | 国际交流中心/ [索取号:H55/43] | 在馆 |